| 000 | 00458nam a22001697a 4500 | ||
|---|---|---|---|
| 003 | OSt | ||
| 008 | 240522b2012 |||||||| |||| 00| 0 eng d | ||
| 020 | _a9788131760994 | ||
| 082 |
_a658.7 _bSOP-S |
||
| 100 | _aSople, V. V. | ||
| 245 |
_aSupply chain management : _btext and cases / _cV. V. Sople. |
||
| 260 |
_aChennai : _bPearson, _c2012. |
||
| 300 | _axx, 534 p. ; | ||
| 650 | _aOperations Management | ||
| 650 | _aBusiness logistics | ||
| 942 |
_2ddc _cBK _04 |
||
| 999 |
_c20558 _d20558 |
||